000
00295nam a2200121Ia 4500
005
20251222153601.0
008
251222s9999||||xx |||||||||||||| ||spa||
082
_a
307.140.985/C76
245
0
_a
Gestión Popular del Hábitat:
250
_a
1ra.ed.
264
_b
Comisión Hábitat
942
_c
LIB
999
_c
31246
_d
31246